000 00283nam a22001217a 4500
008 180820b xxu||||| |||| 00| 0 eng d
041 _aeng
080 _a328
100 _a19
101 _aPOL
245 _aPOLITICAL AND SOCIAL UPEAVAL 1832 1852
_cTORCHBOOKS.H
942 _2udc
_cBK
999 _c47214
_d47214